000 00327nam a2200133Ia 4500
008 151001s9999||||xx |||||||||||||| ||und||
100 _aद्रोणवीर कोहली
245 _aनानी
250 _a2
260 _bकिताबहार
260 _c2002
300 _a356
365 _b21
999 _c980262
_d980259